Sobre la ilustración (Registro nro. 48411)
[ vista simple ]
| 000 -ENCABEZADO | |
|---|---|
| Número de control [NR] | 00970nam a2200265Ia 4500 |
| 008 - DE LONGITUD FIJA DE DATOS DE ELEMENTOS - INFORMACIÓN GENERAL | |
| Elementos de longitud fija [NR] | 130821s2004 sp gr spa |
| 020 ## - NUMERO INTERNACIONAL NORMALIZADO PARA LIBROS [R] | |
| Número Internacional Normalizado del libro [NR] | 8430940057 |
| 040 ## - FUENTE DE CATALOGACION [NR] | |
| Agencia de catalogación original [NR] | Co-BoUCM |
| Idioma de catalogación [NR] | spa |
| 041 00 - CODIGO DE IDIOMA [R] | |
| Código de idioma para texto/pista de sonido o título separado [R] | Español |
| 100 1# - ASIENTO PRINCIPAL--NOMBRE PERSONAL [NR] | |
| Nombre personal [NR] | Foucault, Michel |
| Fechas asociadas con el nombre [NR] | 1926-1984 |
| ID Autoridad | 1666 |
| 245 10 - MENCION DE TITULO [NR] | |
| Título [NR] | Sobre la ilustración |
| Mención de responsabilidad, etc. [NR] | Michel Foucault; traducción de Javier de la Higuera, Eduardo Bello y Antonio Campillo |
| 260 ## - PUBLICACION, DISTRIBUCION, ETC. (PIE DE IMPRENTA) [R] | |
| Lugar de publicación, distribución, etc. [R] | Madrid (España) |
| Nombre del editor, distribuidor, etc. [R] | Tecnos |
| Fecha de publicación, distribución, etc. [R] | 2004 |
| 300 ## - DESCRIPCION FISICA [R] | |
| Extensión [R] | 98 páginas |
| 490 ## - MENCION DE SERIE [R] | |
| Mención de serie [R] | Coleccion Clásicos del Pensamiento |
| Designación numérica/secuencial del volumen [NR] | 154 |
| 600 ## - ASIENTO SECUNDARIO DE MATERIA - NOMBRE PERSONAL [R] | |
| Nombre personal [NR] | Kant, Immanuel |
| Fechas asociadas con el nombre [NR] | 1724-1804 |
| Subdivisión general [R] | Crítica e interpretación, etc. |
| 9 (RLIN) | 74977 |
| 650 04 - ASIENTO SECUNDARIO DE MATERIA - TERMINO TEMATICO [R] | |
| Término temático o nombre geográfico como elemento de entrada [NR] | Ciencia política |
| 9 (RLIN) | 340 |
| 650 04 - ASIENTO SECUNDARIO DE MATERIA - TERMINO TEMATICO [R] | |
| Término temático o nombre geográfico como elemento de entrada [NR] | Filosofía política |
| 9 (RLIN) | 15841 |
| 650 04 - ASIENTO SECUNDARIO DE MATERIA - TERMINO TEMATICO [R] | |
| Término temático o nombre geográfico como elemento de entrada [NR] | Filosofía |
| 9 (RLIN) | 75 |
| 650 04 - ASIENTO SECUNDARIO DE MATERIA - TERMINO TEMATICO [R] | |
| Término temático o nombre geográfico como elemento de entrada [NR] | Ilustración |
| 9 (RLIN) | 17169 |
| 700 1# - ASIENTO SECUNDARIO - NOMBRE PERSONAL [R] | |
| Nombre personal [NR] | Bello, Eduardo |
| Término de relación [R] | |
| 9 (RLIN) | 162487 |
| 700 1# - ASIENTO SECUNDARIO - NOMBRE PERSONAL [R] | |
| Nombre personal [NR] | Campillo, Antonio |
| Término de relación [R] | |
| 9 (RLIN) | 162488 |
| 700 1# - ASIENTO SECUNDARIO - NOMBRE PERSONAL [R] | |
| Nombre personal [NR] | Higuera, Javier De La |
| Término de relación [R] | |
| 9 (RLIN) | 162489 |
| 942 ## - ELEMENTOS DE ENTRADA AGREGADOS (KOHA) | |
| Tipo de ítem principal el descrito en 300a | Libro |
| Tema principal | Filosofía |
| Edición | 1 |
| Parte restante de la signatura top. | F762s |
| Sistema de clasificación | DEWEY |
| Clasificación | 149.7 |
| Fecha de último préstamo | Total préstamos | Total Renewals | Signatura topográfica | Código de barras | Última vez visto | Ejemplar | Price effective from | Tipo de ítem | Perdido | Sistema de clasificación | Dañado | No prestable | Tipo de ítem específico | Suprimido | Ubicación habitual | Ubicación actual | Localización | Fecha de creación | Forma de adquisición | Costo |
|---|---|---|---|---|---|---|---|---|---|---|---|---|---|---|---|---|---|---|---|---|
| 23/03/2022 | 77 | 11 | 149.7 F762s | 100075929 | 05/12/2025 | Ej.1 | 03/02/2013 | Libro | DEWEY | Libro | Claustro | Claustro | 2do piso | 28/02/2006 | Compra | 33200.00 |